00650nam a2200157Ia 4500008004100000024003100041082002000072100003900092245003900131260002500170600002100195650003800216856011000254952011100364999001700475250506s9999 xx 000 0 und d a04B-11-BS & 04B-21- BS a621.3892072 DAN aDaniyal Raza Jaffery & Amir Saleem 0aFace Recognition Through IP Camera aKarachi:bUIT,c2004 aComputer Science aBachelor of Computer Science (BS) uhttps://drive.google.com/file/d/1M5vdHDrmVIjiJ-eLU1rRXJrJ-sqLnPwP/view?usp=share_linkyClick here for PDF 001040708PR-CSaUITUbUITUd2022-07-26l0o621.3892072 DANpBS-252r2025-05-06 11:34:02w2025-05-06yPR c27470d27470